000 00588nam a2200193Ia 4500
005 20250508150558.0
008 008 250505s9999 xx 000 0 eng d
037 _aTextual
040 _aFEDL
_beng
_cFEDL
041 _aeng
_2eng
084 _a370.15, HUM
_qFEDL
100 _aHumphrey George
245 0 _aNature of learning in its relation to the living system
260 _aLondon, UK
_bKegan Paul, Trench, Trubner and Co Ltd
_c1933
300 _avii,296p
650 _aEducation - Psychology
_9755527
942 _cTEXL
_h370.15, HUM
999 _c1324374
_d1324374